Countries most similar to Saint Lucia - Statistics

General Stats
  • This quiz has been taken 15 times
  • The average score is 15 of 20
Answer Stats
Rank Country % Correct
15 Cuba
100%
13 Haiti
100%
9 Bahamas
92%
2 Dominica
92%
14 Dominican Republic
92%
8 Jamaica
92%
6 St Kitts and Nevis
92%
1 St Vincent
92%
7 Trinidad and Tobago
92%
5 Barbados
85%
3 Grenada
85%
4 Antigua and Barbuda
77%
10 Belize
69%
11 Guyana
69%
12 Suriname
69%
16 Fiji
62%
20 Maldives
46%
17 Seychelles
38%
18 Mauritius
31%
19 Sri Lanka
8%
No matching quizzes found
Score Distribution
Percent of People with Each Score
Percentile by Number Answered
Your Score History
You have not taken this quiz